Statistiques concernant Villes classées dans le GPCI

Cliquez ici pour prendre le quiz!

Statistiques générales

  • Ce quiz a été pris 36 fois
  • Le résultat moyen est 30 sur 48

Statistiques - réponses

RankCity% Correct
2New York
100%
4Paris
100%
3Tokyo
100%
10Berlin
96%
1Londres
93%
21Los Angeles
86%
6Amsterdam
82%
14Madrid
82%
34Moscou
82%
17Pekin
82%
47Le Caire
79%
43Mexico City
79%
7Séoul
75%
12Sydney
75%
22Barcelone
71%
44Buenos Aires
71%
33Milan
71%
15Shanghai
71%
5Singapour
71%
16Stockholm
71%
24Bruxelles
68%
30Istanbul
68%
25Chicago
64%
28Dublin
61%
48Mumbai
61%
38Bangkok
57%
11Copenhague
57%
8Dubai
57%
31Helsinki
57%
45Jakarta
57%
39Sao Paulo
57%
46Johannesburg
54%
27San Francisco
54%
26Genève
50%
9Melbourne
50%
23Toronto
50%
13Vienne
50%
19Zurich
50%
20Francfort
43%
18Hong Kong
43%
29Boston
39%
41Kuala Lumpur
39%
32Vancouver
36%
37Osaka
32%
40Tel Aviv
29%
35Taipei
25%
36Washington, DC
11%
42Fukuoka
0%

Distribution des résultats

Percentile par nombre de réponses

% des personnes avec chaque résultat

Votre développement - résultats

Vous n’avez pas pris ce quiz